000 00259nam a2200097Ia 4500
001 681557
005 20250826161402.0
008 250824s9999 xx 000 0 und d
245 0 _aİNSAN NE İLE YAŞAR
_cLEV NİKOLAYEVİÇ TOLSTOY
260 _bAKVARYUM YAYINEVİ
999 _c681557
_d681557